| 000 | 00582cam a22002171 4500 | ||
|---|---|---|---|
| 001 | sa 64000782 | ||
| 003 | DLC | ||
| 005 | 20260227111958.0 | ||
| 008 | 890721s1963 ii ab 000 0 hino | ||
| 010 | _asa 64000782 | ||
| 035 | _a(OCoLC)20052947 | ||
| 040 |
_aDLC _cWaU _dDLC |
||
| 043 | _aa-ii--- | ||
| 050 | 0 | 0 |
_aDS486.M25 _bV9 |
| 100 | 1 | _aVyāsa, Kr̥shṇa Śaṅkara. | |
| 245 | 1 | 0 | _aPaścimī ghāṭoṃ kī rānī, Mahābaleśvara. |
| 260 | _c[1963] | ||
| 300 |
_a91 p. _billus., map. _c19 cm. |
||
| 500 | _aIn Hindi. | ||
| 651 | 0 |
_aMahābaleshwar (India) _vGuidebooks. |
|
| 999 |
_c56407 _d56407 |
||